Indiana Head Football Coaches by Picture - Statistics

General Stats
  • This quiz has been taken 13 times
  • The average score is 8 of 29
Answer Stats
Picture Hint Answer % Correct
2024-Present Curt Cignetti
91%
2016-2023 Tom Allen
91%
1973-1982 Lee Corso
73%
2011-2016 Kevin Wilson
55%
1984-1996 Bill Mallory
45%
1948-1951 Clyde B. Smith
45%
2002-2004 Gerry DiNardo
45%
2005-2006 Terry Hoeppner
45%
2007-2010 Bill Lynch
36%
1997-2001 Cam Cameron
36%
1983 Sam Wyche
27%
1965-1972 John Pont
18%
1952-1956 Bernie Crimmins
9%
1923-1925 Bill Ingram
9%
1891 Billy Herod
9%
1934-1947 Bo McMillin
9%
1914-1915 Clarence Childs
9%
1931-1933 Earl C. Hayes
9%
1889 Evans Woollen
9%
1916-1921 Ewald O. Stiehm
9%
1894 Gustave Ferbert
9%
1926-1930 Harlan Page
9%
1898-1904 James H. Horne
9%
1905-1913 James M. Sheldon
9%
1922 James P. Herron
9%
1896-1897 Madison G. Gonterman
9%
1958-1964 Phil Dickens
9%
1895 Robert Wrenn
9%
1895 Winchester Osgood
9%
No matching quizzes found
Score Distribution
Percent of People with Each Score
Percentile by Number Answered
Your Score History
You have not taken this quiz